000 01771nam0a22003731 4500
001 RU\INFOCOMM_322\NLR\5000101192
005 20250613104900.0
035 _a(NLR Aleph) 009515209
090 _a8791898
_c8791898
100 _a20121211d1986 |||y0rusy50 ca
101 0 _aeng
102 _aRU
105 _ay z |||||
200 1 _aQCD suggested high-energy asymptotics of the diffraction proton-proton scattering and the cosmic ray data
_eSubmitted to All-Union school on inelastic hadron interactions beyond accelerator energies (Nor-Amberd, 1985)
_fB. Z. Kopeliovich, N. N. Nikolaev, I. K. Potashnikova
210 _aДубна
_cОбъед. ин-т ядер. исслед.
_d1986
215 _a24 с.
_cил.
_d22 см
225 1 _aОбъединенный институт ядерных исследований, Дубна
_vЕ2-86-125
300 _aНа 3-й с. обл.: Дифракционное рассеяние адронов и ядер в рамках представлений КХД / Копелиович Б. З., Николаев Н. Н., Поташникова И. К.
300 _aРез. на рус. яз.
320 _aБиблиогр.: с. 23-24
606 0 _aАдроны
_xРассеяние
_2nlr_sh1
606 0 _aАтомное ядро
_xРассеяние
_2nlr_sh1
686 _aВ382.145
_2rubbk
686 _aВ383.519
_2rubbk
700 1 _9z01790
_aKopeliovič
_bB. Z.
_gBoris Zinov'evič
701 1 _aNikolaev
_bN. N.
_gNikolaj Nikolaevič
701 1 _9z02790
_aPotašnikova
_bI. K.
_gIrina Karlovna
790 1 _9z01700
_aKopeliovich
_bB. Z.
_4070
790 1 _9z02701
_aPotashnikova
_bI. K.
_4070
801 1 _aRU
_bNLR
_c20121211
801 0 _aRU
_bINFOCOMM
_gPSBO
852 _aNLR
_jФз01 Д-6/408
942 _cBOOK
980 _aNB